Statistics for Countries with the Lowest Maximum Elevation

Click here to take the quiz!

General Stats

  • This quiz has been taken 25,671 times
  • The average score is 14 of 20

Answer Stats

MetersContinentCountry% Correct
5OceaniaTuvalu
87%
71OceaniaNauru
85%
242OceaniaPalau
82%
81OceaniaKiribati
80%
10OceaniaMarshall Islands
80%
5AsiaMaldives
79%
253EuropeMalta
76%
75EuropeVatican City
75%
161EuropeMonaco
74%
63North AmericaBahamas
69%
164AsiaSingapore
69%
171EuropeDenmark
68%
318EuropeEstonia
67%
312EuropeLatvia
66%
294EuropeLithuania
66%
122AsiaBahrain
65%
103AsiaQatar
65%
306AsiaKuwait
59%
64AfricaGambia
49%
300AfricaGuinea-Bissau
31%

Score Distribution

Percentile by Number Answered

Percent of People with Each Score

Your Score History

You have not taken this quiz